| 000 | 00742nam a2200217 a 4500 | ||
|---|---|---|---|
| 008 | 150319s2013 ||||||||||||||||| || u | ||
| 020 | _a9781457300226 | ||
| 050 | _a378.199 COL | ||
| 110 | _aCollege Board | ||
| 245 | 1 | 0 |
_a2014 book of majors. -- 8th ed. _cby The College Board |
| 250 | _a8th ed. | ||
| 260 |
_aNew York: _bThe College Board _c2013 |
||
| 300 | _avii, 1360p.: ill. | ||
| 500 | _aBibliography | ||
| 650 | _aUNITED STATES | ||
| 650 | _aCOLLEGE MAJORS | ||
| 650 | _aCOLLEGE STUDENTS--VOCATIONAL GUIDANCE | ||
| 650 | _aUNIVERSITIES AND COLLEGES | ||
| 650 | _aDEGREES, ACADEMIC | ||
| 995 |
_aAMERICAN CORNER _e0103722 _FCBU-DAG HAMMARSKJOLD INSTITUTE LIBRARY _j378.199 COL _M1 _UAVAILABLE _WMar 19, 2015 _y0103722 _ZAmerican Collection |
||
| 999 |
_c78 _d78 |
||